<?xml version="1.0" encoding="UTF-8"?>
<record
    xmlns:xsi="http://www.w3.org/2001/XMLSchema-instance"
    xsi:schemaLocation="http://www.loc.gov/MARC21/slim http://www.loc.gov/standards/marcxml/schema/MARC21slim.xsd"
    xmlns="http://www.loc.gov/MARC21/slim">

  <leader>01207nam a2200289   4500</leader>
  <controlfield tag="001">111174</controlfield>
  <controlfield tag="003">ES-MaACL</controlfield>
  <controlfield tag="005">20230906185245.0</controlfield>
  <controlfield tag="007">t|</controlfield>
  <controlfield tag="008">061121s1963    sp      r    ||||1| spa d</controlfield>
  <datafield tag="080" ind1=" " ind2=" ">
    <subfield code="a">623.1(466.2 S.S.)"15/16"</subfield>
  </datafield>
  <datafield tag="080" ind1=" " ind2=" ">
    <subfield code="a">946.62 S.S."1813"</subfield>
  </datafield>
  <datafield tag="100" ind1="1" ind2=" ">
    <subfield code="a">Olavide, Juan.</subfield>
    <subfield code="9">86675</subfield>
  </datafield>
  <datafield tag="245" ind1="1" ind2="0">
    <subfield code="a">San Sebasti&#xE1;n </subfield>
    <subfield code="b">: historia de sus fortificaciones : siglos XVI y XVII. El sitio de 1813 / </subfield>
    <subfield code="c">por Olavide, Albarellos, Vig&#xF3;n ; notas ampliatorias del coronel Mex&#xED;a Carrillo.</subfield>
  </datafield>
  <datafield tag="260" ind1=" " ind2=" ">
    <subfield code="a">Zarauz : </subfield>
    <subfield code="b">Ayuntamiento de San Sebasti&#xE1;n, </subfield>
    <subfield code="c">1963.</subfield>
  </datafield>
  <datafield tag="300" ind1=" " ind2=" ">
    <subfield code="a">360 p., 9 l&#xE1;m. ; </subfield>
    <subfield code="c">26 cm.</subfield>
  </datafield>
  <datafield tag="490" ind1="1" ind2=" ">
    <subfield code="a">Ediciones del Excmo. Ayuntamiento de la ciudad de San Sebasti&#xE1;n ;</subfield>
    <subfield code="v">Colecci&#xF3;n A</subfield>
  </datafield>
  <datafield tag="650" ind1=" " ind2="4">
    <subfield code="a">Fortificaciones-</subfield>
    <subfield code="z">San Sebasti&#xE1;n.</subfield>
    <subfield code="9">143183</subfield>
  </datafield>
  <datafield tag="651" ind1=" " ind2="4">
    <subfield code="a">San Sebasti&#xE1;n-</subfield>
    <subfield code="x">Historia-</subfield>
    <subfield code="y">1813 (Sitio)</subfield>
    <subfield code="9">153433</subfield>
  </datafield>
  <datafield tag="700" ind1="1" ind2=" ">
    <subfield code="a">Albarellos, Braulio.</subfield>
    <subfield code="9">19237</subfield>
  </datafield>
  <datafield tag="700" ind1="1" ind2=" ">
    <subfield code="a">Vig&#xF3;n y Suerod&#xED;az, Juan.</subfield>
    <subfield code="9">114667</subfield>
  </datafield>
  <datafield tag="700" ind1="0" ind2=" ">
    <subfield code="a">Mex&#xED;a Carrillo, Fernando.</subfield>
    <subfield code="9">80769</subfield>
  </datafield>
  <datafield tag="710" ind1="0" ind2=" ">
    <subfield code="a">San Sebasti&#xE1;n. </subfield>
    <subfield code="b">Ayuntamiento.</subfield>
    <subfield code="9">6490</subfield>
  </datafield>
  <datafield tag="830" ind1="0" ind2=" ">
    <subfield code="a">Ediciones del Excmo. Ayuntamiento de la ciudad de San Sebasti&#xE1;n ;</subfield>
    <subfield code="v">Colecci&#xF3;n A</subfield>
    <subfield code="9">233054</subfield>
  </datafield>
  <datafield tag="852" ind1=" " ind2=" ">
    <subfield code="a">ES-MaACL</subfield>
    <subfield code="j">C-23593 </subfield>
    <subfield code="b">R.52401</subfield>
  </datafield>
  <datafield tag="999" ind1=" " ind2=" ">
    <subfield code="c">111174</subfield>
    <subfield code="d">111174</subfield>
  </datafield>
  <datafield tag="952" ind1=" " ind2=" ">
    <subfield code="0">0</subfield>
    <subfield code="1">0</subfield>
    <subfield code="4">0</subfield>
    <subfield code="7">0</subfield>
    <subfield code="a">ATENEOM</subfield>
    <subfield code="b">ATENEOM</subfield>
    <subfield code="c">DEPO2</subfield>
    <subfield code="d">2008-01-17</subfield>
    <subfield code="e">SC</subfield>
    <subfield code="l">0</subfield>
    <subfield code="o">C-23593</subfield>
    <subfield code="p">1115989</subfield>
    <subfield code="r">2023-02-23 00:00:00</subfield>
    <subfield code="w">2023-02-23</subfield>
    <subfield code="y">MONOGRAFIA</subfield>
  </datafield>
</record>
